Understanding Careers Around the Globe Stories and Sourcebook
Salvato in:
| Altri autori: | , , |
|---|---|
| Natura: | Libro |
| Lingua: | inglese |
| Pubblicazione: |
Cheltenham
Edward Elgar Publishing
2023
|
| Soggetti: | |
| Tags: |
Nessun Tag, puoi essere il primo ad aggiungerne!!
|
MARC
| LEADER | 00000nam a2200000 4500 | ||
|---|---|---|---|
| 001 | 0294250 | ||
| 005 | 20230816085324.5 | ||
| 020 | |a 978-1-0353-0840-8 | ||
| 041 | 0 | |a eng | |
| 044 | |a GB | ||
| 245 | 1 | 0 | |a Understanding Careers Around the Globe |b Stories and Sourcebook |c edited by Jon Briscoe ... [et al.] |
| 264 | 1 | |a Cheltenham |b Edward Elgar Publishing |c 2023 | |
| 300 | |a 259 s. | ||
| 610 | 2 | 0 | |a kariéra |
| 610 | 2 | 0 | |a úspech pracovný |
| 610 | 2 | 0 | |a rovnosť rodová |
| 610 | 2 | 0 | |a riadenie personálne |
| 610 | 2 | 0 | |a manažment personálny |
| 610 | 2 | 0 | |a zamestnanci |
| 700 | 1 | |a Briscoe, Jon | |
| 700 | 1 | |a Dickmann, Michael | |
| 700 | 1 | |a Hall, Douglas T. | |